000
00295nam a2200109Ia 4500
008
220214s9999 xx 000 0 und d
245
0
_a
New Straits Times
260
_b
New straits times
_a
Malaysia
500
_a
Ending Volume & Year: 1981,
500
_a
Starting Volume & Year: 1976,
942
_c
BJ
999
_c
6438
_d
6438